| 000 | 00765nam a22002297a 4500 | ||
|---|---|---|---|
| 003 | OSt | ||
| 005 | 20250710084005.0 | ||
| 008 | 250710b |||||||| |||| 00| 0 eng d | ||
| 020 | _a9789813150911 | ||
| 040 |
_aDWCL - Main lib _cOC |
||
| 082 | _aCirc. 658.4012 D475s 2016 | ||
| 100 | _aDess, Gregory G. | ||
| 245 |
_aStrategic management : _b creating competitive advantages/ _cGregory G. Dess |
||
| 250 | _aEighth edition. | ||
| 260 |
_aNew York ; _b McGraw-Hill, _cc2016. |
||
| 300 |
_axxxvii, 456 : pages : _billustrations (color) ; _c 26 cm. |
||
| 504 | _aIncludes bibliographical references and index. | ||
| 650 | _a1. Strategic planning. | ||
| 700 | _aGerry Mcnamara | ||
| 700 | _aAlan B. Eisner | ||
| 942 |
_2ddc _cBK-CIRC _eEighth edition. _kCirc. _n0 |
||
| 999 |
_c3592 _d3592 |
||